10 największych miast w Rumunii - Statystyki

Ogólne statystyki
  • Ten quiz został rozwiązany 163 razy
  • Średni wynik to 4 z 10
Statystyki odpowiedzi
Liczba ludności % ludności Miasto % Poprawnych
1,883,425 9,8% Bukareszt
100%
324,576 1,7% Kluż Napoka
67%
319,279 1,7% Timisoara
51%
283,872 1,5% Konstanca
49%
290,422 1,5% Jassy
44%
253,200 1,3% Braszów
35%
269,506 1,4% Krajowa
32%
196,367 1,0% Oradea
26%
209,945 1,1% Ploeszti
21%
249,432 1,3% Gałacz
20%
Nie znaleziono quizów pasujących do podanych kryteriów
Rozkład punktacji
Procent ludzi z każdym wynikiem
Percentyl według liczby udzielonych odpowiedzi
Twoja historia wyników
Nie rozwiązałeś tego quizu